| 000 | 01096pam a2200337 a 4500 | ||
|---|---|---|---|
| 999 |
_c4773 _d4773 |
||
| 001 | 3870779 | ||
| 003 | OSt | ||
| 005 | 20220329094813.0 | ||
| 008 | 890502s1990 pauaf b 001 0 eng c | ||
| 010 | _a 89010150 | ||
| 020 | _a0721622178 (set) | ||
| 020 | _a0721622186 (v. 1) | ||
| 020 | _a0721622194 (v. 2) | ||
| 040 |
_aDNLM/DLC _cALUPE UNIVERSITY _dDLC |
||
| 050 | 0 | 0 |
_aRD536 _b.G48 1990 |
| 060 | _aWF 980 S961 | ||
| 082 | 0 | 0 |
_a617.5/4 _220 |
| 245 | 0 | 0 |
_aSurgery of the chest / _c[edited by] David C. Sabiston, Jr., Frank C. Spencer. |
| 250 | _a5th ed. | ||
| 260 |
_aPhiladelphia : _bSaunders, _c1990. |
||
| 300 |
_a2 v. (xxii, 1978, lxxxiv p., [4] p. of plates) : _bill. (some col.) ; _c29 cm. |
||
| 500 | _aRev. ed. of: Gibbon' surgery of the chest. 4th ed. 1983. | ||
| 504 | _aIncludes bibliographies and index. | ||
| 650 | 0 |
_aChest _xSurgery. |
|
| 650 | 2 | _aThoracic Surgery. | |
| 700 | 1 |
_aSabiston, David C., _d1924-2009. |
|
| 700 | 1 | _aSpencer, Frank Cole. | |
| 700 | 1 | _aGibbon, John Heysham. | |
| 906 |
_a7 _bcbc _corignew _d1 _eocip _f19 _gy-gencatlg |
||
| 942 |
_2lcc _cBK _nJO |
||